Z Jakiego Meczu Jest Ten Komentarz - Statystyki

Ogólne statystyki
  • Ten quiz został rozwiązany 63 razy
  • Średni wynik to 3 z 10
Statystyki odpowiedzi
Komentarz Rywale % Poprawnych
"Jeszcze ***,na polu karnym *** ***,i goool i goool *** 1 do 0 dla biało czerwonych w 51 minucie ***." Polska-Niemcy
68%
Araguis,Broni !!! Broni!!! broni ***, no to może być moment zwrotny dla biało czerwonych Polska-Grecja
64%
*** i ***, *** i ***,i ***, Liverpool i ***,*** bohaterem,i teraz utonie gdzieś w objęciach,20 lat czekaliśmy kiedy *** triumfował,18 kiedy ***,a teraz *** jest wielki tak jak cały Liverpool Liverpool-AC Milan
50%
"Wyjście *** ,*** musi uważać ,musi być agresywny,*** miękka wrzutka co tam się dzieje?Gooooooool.To jest Gol.***.Nikt by w życiu na to nie wpadł 4 do 3 dla ***. To jest wariactwo,szaleństwo." Liverpool-Borussia Dortmund
46%
Nie ma Faulu,czysto gramy dalej *** ***,*** goool 1 do 0 *** ,9 bramka w tej edycji Champions League ale jaka?Od poprzeczki cudownie przymierzył Egipcjanin Liverpool-AS Roma
43%
*** ależ pięknie to zrobił ruszył,poszedł *** w pole karne,szuka miejsca do oddania strzału ***.Aj!!! Aj!!! Aj!!!Jak to zrobił co za akcja marzenie. *** jesteś wielki Polska-Słowenia
21%
Jeszcze Francuzi,Ależ gol!,ależ gol! Ola la! Ola la!Co zrobił teraz ***!Fenomenalne uderzenie Francja-Rumunia
18%
Juan *** jest tutaj *** Gooool *** a jednak ***,a jednak będzie puchar ligi europy Benfica Lizbona-Chelsea
13%
Ostry kąt,nie będzie oddawał strzału,chyba *** chociaż Wypracowuje Okazje! do oddania STRZAŁU!!! 2 Bramka *** dla *** Mamma mia AC Milan-Napoli
7%
Z prawej strony ***,wjeżdża w pole karne ***.Co zrobi sędzia? jest*** goooooool,***,I to przed sektorem zajmowanym przez kibiców ***,ależ on ma stoicki spokój,to jest piłkarz po prostu z kosmosu Manchester City-Liverpool
7%
Nie znaleziono quizów pasujących do podanych kryteriów
Rozkład punktacji
Procent ludzi z każdym wynikiem
Percentyl według liczby udzielonych odpowiedzi
Twoja historia wyników
Nie rozwiązałeś tego quizu